00322nam a22001217a 4500008004100000082001200041100001900053245005400072260002900126270002700155300001000182490000800192230824b ||||| |||| 00| 0 eng d a000-KAL aChona, Shayama aKaleidoscope India, The Indian Quiz bookhEnglish aDelhibA.I.C.B. cRohini aA.I.C.B. Rohini, Delhi a12x13 v1-2